000 00558nam a2200205Ia 4500
003 OSt
005 20250814100832.0
008 210210b2006 xxu||||| |||| 00| 0 eng d
040 _cAL
041 _aEnglish
082 _a321.80954 LATQ
100 _aLatha K C
_9149420
245 _aQuestion bank on constitution human rights gender equity and environment
260 _aMangalore
_bAjay Anand K, Chilume
_c2006
300 _a206
690 _aIndian Constitution
_9149421
700 _aVidyasaraswathi
_9235430
906 _a061127
942 _2ddc
_cBK
999 _c107693
_d107693